000 00460nam a2200181Ia 4500
001 18005
005 20260306171558.0
008 260306s9999||||xx |||||||||||||| ||und||
041 _aESP
082 _a658.312
_bV66
100 _aVillagra Villanueva, José Antonio
_eAUT
245 0 _aGestión del desempeño:
_bun enfoque práctico
260 _c2021
300 _a291 páginas :
_c25 cm.
650 _aGEN
654 _aCAN
942 _cLIB
_dJUS
_fJUS
_2ddc
_n
999 _c18005
_d18005